|
|
|
|
| LEADER |
00000nab a2200000 a 4500 |
| 001 |
vtls000573160 |
| 003 |
SK-MaSNL |
| 005 |
20260304095035.0 |
| 008 |
250425c1996 xo 0 slo |
| 015 |
|
|
|a SNBRB19rr/mm-uuuuu
|
| 035 |
|
|
|a CL0573298
|
| 035 |
|
|
|a urn:nbn:sk:snk-ab20v0
|
| 035 |
|
|
|a (urnnbn)urn:nbn:sk:snk:ar-a01dr8
|
| 035 |
|
|
|a (uuid)e458de8d-64d3-4093-be8b-2e2980f1a33f
|
| 040 |
|
|
|a SNKBUCL
|b slo
|c SNKBUCL
|e AACR2
|
| 041 |
0 |
|
|a slo
|
| 044 |
|
|
|a xo
|c SK
|
| 080 |
|
|
|a 78.071.20:785.11
|2 1981
|
| 080 |
|
|
|a 785.11
|2 1981
|
| 100 |
1 |
|
|a Jurík, Marián,
|d 1933-1999
|4 aut
|9 114076
|
| 245 |
1 |
0 |
|a K storočnici Českej filharmónie
|c Marián Jurík
|
| 610 |
2 |
7 |
|a Česká filharmonie
|2 snkbucl
|9 145789
|
| 655 |
|
7 |
|a články z novín a časopisov
|2 snkbucl
|9 267496
|
| 773 |
0 |
|
|t Hudobný život '96
|g Roč. 28, č. 2 (1996), s. 7
|
| 850 |
|
|
|a Slovenská národná knižnica
|
| 852 |
|
|
|a Slovenská národná knižnica
|
| 954 |
|
|
|a odborná, vedecká literatúra pôvodná (slovenská)
|2 lita
|
| 958 |
|
|
|a article27
|
| 958 |
|
|
|a OND
|
| 958 |
|
|
|a RK
|
| 958 |
|
|
|a CZ
|
| 958 |
|
|
|a EUIPO
|
| 992 |
|
|
|a RBX
|
| 999 |
|
|
|c 2830405
|d 2832335
|